[Event "4NCL Division 4 South"]
[Site "Reading, ENG"]
[Date "2018.03.24"]
[Round "7.99"]
[White "Grey, Nicholas D"]
[Black "Rayner, Hugo"]
[Result "1-0"]
[WhiteElo "1696"]
[BlackElo "1577"]
[PlyCount "73"]
[EventDate "2018.03.24"]

1. e4 c5 2. c3 Nf6 3. e5 Nd5 4. d4 cxd4 5. cxd4 d6 6. Bc4 e6 7. Nf3 Nc6 8. O-O
g6 9. Re1 Bg7 10. Bxd5 exd5 11. exd6+ Be6 12. Bf4 O-O 13. Nc3 Qf6 14. Be5 Qd8
15. Nb5 Qb6 16. Nc7 Rad8 17. Bxg7 Kxg7 18. Nxe6+ fxe6 19. Rxe6 Qxb2 20. Rb1
Qxa2 21. Rxb7+ Rf7 22. Rxf7+ Kxf7 23. Ng5+ Kg7 24. Qe1 Qa5 25. Qxa5 Nxa5 26.
Re7+ Kf6 27. h4 Kf5 28. f3 Kf4 29. Ne6+ Ke3 30. Nxd8+ Kxd4 31. Rxa7 Nc4 32. d7
Kc3 33. Ne6 d4 34. d8=Q d3 35. Qd4+ Kb4 36. Rb7+ Ka3 37. Qa1# 1-0

[Event "4NCL Division 4 South"]
[Site "Reading, ENG"]
[Date "2018.03.24"]
[Round "7.99"]
[White "Homolka, Vincent"]
[Black "Isaksen, Peter A"]
[Result "0-1"]
[WhiteElo "1783"]
[BlackElo "1945"]
[PlyCount "130"]
[EventDate "2018.03.24"]

1. e4 c5 2. Nc3 d6 3. g3 g6 4. Bg2 Bg7 5. d3 Nc6 6. Be3 e6 7. Qd2 Nge7 8. Bh6
O-O 9. Bxg7 Kxg7 10. Nge2 Nd4 11. Nxd4 cxd4 12. Ne2 e5 13. O-O Qb6 14. c3 dxc3
15. bxc3 Be6 16. Kh1 Rac8 17. f4 f6 18. Rab1 Qa6 19. Rb2 Rc7 20. Rc1 Rfc8 21.
Bf1 b6 22. Rbc2 Qb7 23. Bg2 Bd7 24. h3 Nc6 25. Kh2 Na5 26. g4 h6 27. Ng3 g5 28.
fxe5 fxe5 29. Nf5+ Bxf5 30. exf5 Qb8 31. Bd5 Kf6 32. Qg2 Nb7 33. Be6 Rd8 34. d4
Na5 35. Qe4 Qb7 36. Bd5 Qa6 37. Re1 Re8 38. Be6 Qb5 39. dxe5+ dxe5 40. Rd1 Nc4
41. Bxc4 Rxc4 42. Qd5 Qxd5 43. Rxd5 e4 44. Rd4 Rc6 45. Kg3 Ke5 46. Rd7 h5 47.
gxh5 Kxf5 48. Kf2 Rh6 49. Re2 Rxh5 50. Re3 Rf8 51. Kg3 Rfh8 52. Rf7+ Kg6 53.
Rxa7 Rxh3+ 54. Kf2 Rh2+ 55. Ke1 Rh1+ 56. Kd2 R8h2+ 57. Re2 Rxe2+ 58. Kxe2 Rh3
59. Rb7 Rxc3 60. Rxb6+ Kf5 61. a4 Ra3 62. Rb5+ Kf4 63. a5 Ra2+ 64. Kf1 g4 65.
Rb8 Rxa5 0-1

[Event "4NCL Division 4 South"]
[Site "Reading, ENG"]
[Date "2018.03.24"]
[Round "7.99"]
[White "Kadambadi, Nikhil"]
[Black "Cresswell, Mike J"]
[Result "1-0"]
[WhiteElo "1922"]
[BlackElo "1699"]
[PlyCount "93"]
[EventDate "2018.03.24"]

1. e4 Nf6 2. e5 Nd5 3. d4 d6 4. c4 Nb6 5. exd6 exd6 6. Nc3 N8d7 7. Nf3 Nf6 8.
Bd3 Be7 9. O-O O-O 10. Qc2 h6 11. h3 Re8 12. Re1 c6 13. Bf4 Be6 14. b3 d5 15.
c5 Nbd7 16. Rab1 Qc8 17. b4 Bd8 18. Qd2 Bc7 19. Bxc7 Qxc7 20. b5 Reb8 21. Rec1
Nh5 22. Ne2 Qd8 23. Nf4 Nxf4 24. Qxf4 a6 25. bxc6 bxc6 26. Qd6 Qc8 27. Ne5 Nxe5
28. Qxe5 Rb7 29. Rxb7 Qxb7 30. Rb1 Qc8 31. Rb6 f6 32. Qd6 Bxh3 33. gxh3 Qxh3
34. Rb8+ Rxb8 35. Qxb8+ Kf7 36. Qc7+ Kf8 37. Bg6 Qg4+ 38. Qg3 Qc8 39. Bd3 Qb7
40. Qd6+ Kf7 41. Qg3 Qc8 42. Bg6+ Kg8 43. Kh2 a5 44. Qd6 Kh8 45. Qe7 Qb8+ 46.
Kg2 Qc8 47. Qe8+ 1-0

[Event "4NCL Division 4 South"]
[Site "Reading, ENG"]
[Date "2018.03.24"]
[Round "7.99"]
[White "Kan, Toby"]
[Black "Thornley, Oliver"]
[Result "1-0"]
[WhiteElo "1491"]
[BlackElo "1675"]
[PlyCount "73"]
[EventDate "2018.03.24"]

1. e4 c6 2. d4 d5 3. exd5 cxd5 4. Bf4 Nf6 5. Bd3 Nc6 6. c3 Bg4 7. Qb3 Qd7 8.
Nd2 e6 9. Ngf3 a6 10. O-O b5 11. Ne5 Nxe5 12. dxe5 Qc7 13. a4 bxa4 14. Qxa4+
Nd7 15. Bxa6 Be7 16. Qa5 Qb8 17. Qb5 Qc7 18. Qb7 Qxb7 19. Bxb7 Rb8 20. Bc6 h6
21. Ra7 Rd8 22. Rfa1 Bc5 23. Bxd7+ Ke7 24. Rc7 Bxf2+ 25. Kxf2 Rxd7 26. Rxd7+
Kxd7 27. Ra7+ Kc6 28. Rxf7 g5 29. Be3 Rb8 30. b4 Ra8 31. h3 Bf5 32. g4 Bd3 33.
Rf6 Kd7 34. Bd4 Ra1 35. Ke3 Be4 36. Nxe4 dxe4 37. Kxe4 1-0

[Event "4NCL Division 4 South"]
[Site "Reading, ENG"]
[Date "2018.03.24"]
[Round "7.99"]
[White "Stoyanov, Viktor"]
[Black "Zakarian, Dimitrios Levon"]
[Result "1-0"]
[WhiteElo "2125"]
[BlackElo "1682"]
[PlyCount "49"]
[EventDate "2018.03.24"]

1. d4 Nf6 2. c4 e6 3. g3 d5 4. Nf3 Be7 5. Bg2 O-O 6. O-O c5 7. cxd5 exd5 8.
dxc5 Bxc5 9. Qc2 Qd6 10. Bf4 Qe7 11. Nc3 a6 12. Ng5 g6 13. Nxd5 Nxd5 14. Bxd5
h6 15. Ne4 Rd8 16. Rfd1 Ba7 17. Bd6 Rxd6 18. Nxd6 Nd7 19. Qxg6+ Kh8 20. Nxf7+
Qxf7 21. Qxf7 Nf6 22. Qxf6+ Kh7 23. Be4+ Bf5 24. Rd7+ Kg8 25. Qg7# 1-0

[Event "4NCL Division 4 South"]
[Site "Reading, ENG"]
[Date "2018.03.24"]
[Round "7.99"]
[White "Matilal, Tamal"]
[Black "Vallis, Luke"]
[Result "0-1"]
[WhiteElo "1455"]
[BlackElo "1990"]
[PlyCount "82"]
[EventDate "2018.03.24"]

1. Nf3 Nf6 2. d4 g6 3. Bf4 Bg7 4. Nbd2 d5 5. h3 Nc6 6. e3 O-O 7. Bb5 Bd7 8. O-O
a6 9. Be2 Re8 10. Ne5 h6 11. Rc1 Nxe5 12. Bxe5 Nh7 13. Bxg7 Kxg7 14. f4 Nf6 15.
Bf3 e6 16. e4 Bc6 17. Re1 dxe4 18. Nxe4 Bxe4 19. Bxe4 Nxe4 20. Rxe4 Qd5 21. Qe1
Qxa2 22. Qc3 Qd5 23. Re5 Qd6 24. Rf1 f6 25. Rc5 c6 26. g4 Rad8 27. d5 exd5 28.
g5 Qe7 29. gxf6+ Qxf6 30. Qb4 Qe7 31. Qc3+ Kh7 32. Kg2 d4 33. Qc4 b5 34. Qa2 h5
35. Re5 Qd7 36. Rfe1 Rxe5 37. Rxe5 Re8 38. Kg3 Rxe5 39. fxe5 d3 40. e6 Qd6+ 41.
Kf2 d2 0-1